000 00814nam a2200265Ia 4500
003 OSt
005 20221005081122.0
006 a|||||r|||| 00| 0
007 ta
008 221004b |||||||| |||| 00| 0 eng d
020 _a817307108X
_c650
024 _a86410
037 _b418, 19/03/2007, Bhartiya Sahitya Bhawan
_cTextual
040 _aCRL
_cCRL
_beng
041 _2eng
_aeng
082 _aV231.J, P6
100 _aKulkarni A. R.
245 0 _aExplorations in the deccan history
260 _aNew Delhi
_bPragati Publications India
_c2006
300 _a217p.
_ccm.
490 _aIndian Council of Historical Research Monograph Series 9
650 _aHISTORY
942 _hV231.J, P6
_cTEXL
_2cc
999 _c987181
_d987181